<?xml version="1.0" encoding="UTF-8"?>
<collection xmlns="http://www.loc.gov/MARC21/slim">
  <record>
    <leader>00000nam  2200000   4500</leader>
    <controlfield tag="001">INLIS000000000020732</controlfield>
    <controlfield tag="005">20250804115457</controlfield>
    <datafield tag="035" ind1="#" ind2="#">
      <subfield code="a">0010-0825000010</subfield>
    </datafield>
    <controlfield tag="007">ta</controlfield>
    <controlfield tag="008">250804################|##########|#|##</controlfield>
    <datafield tag="084" ind1="#" ind2="#">
      <subfield code="a">R 0014 PKP 2024</subfield>
    </datafield>
    <datafield tag="100" ind1=" " ind2="#">
      <subfield code="a">Elly Sultrawati</subfield>
    </datafield>
    <datafield tag="245" ind1="1" ind2="#">
      <subfield code="a">Penambahan Fitur Sistem Pemasaran Online (SIPON) Guna Peningkatan Layanan Kerjasama PNBP Di TVRI Stasiun Lampung /</subfield>
      <subfield code="c">Elly Sultrawati</subfield>
    </datafield>
    <datafield tag="260" ind1="#" ind2="#">
      <subfield code="a">Jakarta :</subfield>
      <subfield code="b">Pusbangkom Pimnas dan Manajerial ASN,</subfield>
      <subfield code="c">2024</subfield>
    </datafield>
    <datafield tag="300" ind1="#" ind2="#">
      <subfield code="a">110 hlm. ;</subfield>
      <subfield code="c">30 cm</subfield>
    </datafield>
    <datafield tag="650" ind1="#" ind2="4">
      <subfield code="a">Sistem Pemasaran Online</subfield>
    </datafield>
    <datafield tag="520" ind1="#" ind2="#">
      <subfield code="a">TVRI Stasiun Lampung menghadapi tantangan dalam menyediakan informasi yang tepat waktu dan jelas melalui website karena keterbatasan fitur. Oleh karena itu, penambahan fitur seperti layanan publik berupa layanan kerjasama, dibutuhkan dalam meningkatkan layanan publik di bidang kerjasama. Optimalisasi website di TVRI stasiun lampung dilakukan antara lain dengan penambahan fitur layanan Sistem Pemasaran Online (SIPON), harus dipastikan bahwa layanan kerjasama SIPON mudah digunakan, informatif, dengan pendekatan ini diharapkan TVRI Stasiun Lampung dapat meningkatkan layanan kerjasama kepada mitra. Langkah-langkah ini, pada akhirnya, akan membantu TVRI stasiun Lampung menjadi lebih responsif dan efisien dalam memberikan layanan kerjasama. Tujuan dari inovasi website dengan penambahan fitur layanan kerjasama adalah untuk meningkatkan efektivitas komunikasi dalam layanan kerjasama, penambahan fitur seperti layanan kerjasama memungkinkan mitra kerjasama memperoleh informasi yang lebih cepat dan akurat tentang layanan kerjasama di TVRI Stasiun Lampung, sehingga layanan kerjasama bisa dilakukan dengan lebih cepat dan efektif guna peningkatan PNBP di TVRI Stasiun Lampung.</subfield>
    </datafield>
    <datafield tag="990" ind1="#" ind2="#">
      <subfield code="a">2024/1.2.4/A/0014</subfield>
    </datafield>
  </record>
</collection>
